The problem of Krakatao as seen by a botanist, (Record no. 9335)

MARC details
000 -LEADER
fixed length control field 00742cam a22002171 4500
001 - CONTROL NUMBER
control field agr30000448
003 - CONTROL NUMBER IDENTIFIER
control field DLC
005 - DATE AND TIME OF LATEST TRANSACTION
control field 20260227110949.0
008 - FIXED-LENGTH DATA ELEMENTS--GENERAL INFORMATION
fixed length control field 800110s1929 io b 000 0 eng
010 ## - LIBRARY OF CONGRESS CONTROL NUMBER
LC control number agr30000448
035 ## - SYSTEM CONTROL NUMBER
System control number (OCoLC)5861063
040 ## - CATALOGING SOURCE
Original cataloging agency DLC
Transcribing agency NIC
Modifying agency OCoLC
-- OO
-- DLC
042 ## - AUTHENTICATION CODE
Authentication code premarc
050 00 - LIBRARY OF CONGRESS CALL NUMBER
Classification number QK962.D8
Item number B3
100 1# - MAIN ENTRY--PERSONAL NAME
Personal name Backer, Cornelis Andries,
Dates associated with a name 1874-1963.
245 14 - TITLE STATEMENT
Title The problem of Krakatao as seen by a botanist,
Remainder of title by C. A. Backer. Published by the author.
260 ## - PUBLICATION, DISTRIBUTION, ETC.
Place of publication, distribution, etc. [Sourabaya (Java)
Name of publisher, distributor, etc. Printed by H. Van Ingen,
Date of publication, distribution, etc. 1929]
300 ## - PHYSICAL DESCRIPTION
Extent 3 p. l., 299 p.
Other physical details 2 maps on 1 l.
Dimensions 28 cm.
500 ## - GENERAL NOTE
General note "Further publications on the revegation of Krakatao": p. [273]-286.
650 #0 - SUBJECT ADDED ENTRY--TOPICAL TERM
Topical term or geographic name entry element Botany
Geographic subdivision Indonesia
-- Krakatoa.

No items available.

Powered by Koha